[Event "IX EICC"]
[Site "Plovdiv BUL"]
[Date "2008.04.23"]
[Round "3"]
[White "Baklan,V"]
[Black "Rasmussen,Kar"]
[Result "1-0"]
[WhiteElo "2647"]
[BlackElo "2486"]
[EventDate "2008.04.21"]

1. e4 c6 2. d4 d5 3. e5 Bf5 4. Nf3 e6 5. Be2 c5 6. Be3 Qb6 7. Nc3 Qxb2 8.
Qb1 Qxb1+ 9. Rxb1 b6 10. dxc5 bxc5 11. Rb7 d4 12. Bxd4 cxd4 13. Nxd4 Nd7
14. Bb5 O-O-O 15. Rxa7 Nb8 16. Nxf5 exf5 17. Na4 Rd4 18. O-O Ne7 19. c3 Rd2
20. Nb6+ Kd8 21. Nc4 Rd5 22. Nd6 Nec6 23. Nxf7+ Kc8 24. Bc4 Nxa7 25. Bxd5
Rg8 26. Rb1 Bc5 27. Ng5 Re8 28. Ne6 Ba3 29. f4 Re7 30. Rb3 Bc1 31. Kf2 Nac6
32. g3 g6 33. Rb6 Na5 34. Ke2 Ba3 35. Nd4 Rc7 36. Nb5 1-0

[Event "IX EICC"]
[Site "Plovdiv BUL"]
[Date "2008.04.23"]
[Round "3"]
[White "Bosiocic,Mari"]
[Black "Hagesaether,A"]
[Result "1-0"]
[WhiteElo "2503"]
[BlackElo "2181"]
[EventDate "2008.04.21"]

1. d4 d5 2. c4 c6 3. Nf3 Nf6 4. e3 e6 5. Bd3 Nbd7 6. O-O Bd6 7. Nbd2 O-O 8.
e4 dxe4 9. Nxe4 Nxe4 10. Bxe4 Nf6 11. Bc2 c5 12. Bg5 Be7 13. Qe2 Qc7 14.
Rad1 Re8 15. Ne5 cxd4 16. Rxd4 h6 17. Bh4 Nd7 18. Bxe7 Qxe5 19. Qd3 Qf5 20.
Qc3 Qh5 21. g4 Qe5 22. Re1 Qc7 23. Qd3 g6 24. Bd6 Qd8 25. h3 Qf6 26. Rf4
Qg7 27. c5 a6 28. Ba4 e5 29. Rf3 Re6 30. Bb3 Rf6 31. Be7 Rf4 32. Rxf4 exf4
33. Qd6 g5 34. Ba4 Qg6 35. Qc7 b5 36. Bb3 h5 37. c6 Nf6 38. Qd8+ Kg7 39.
Qf8+ Kh7 40. Bc2 Qxc2 41. Bxf6 Qg6 42. Qh8+ 1-0

[Event "IX EICC"]
[Site "Plovdiv BUL"]
[Date "2008.04.23"]
[Round "3"]
[White "Cao Sang"]
[Black "Perunovic,Mio"]
[Result "1/2-1/2"]
[WhiteElo "2535"]
[BlackElo "2420"]
[EventDate "2008.04.21"]

1. e4 c6 2. Nc3 d5 3. Nf3 Bg4 4. h3 Bh5 5. Be2 e6 6. O-O Nf6 7. d3 Bb4 8.
Bd2 Be7 9. Re1 O-O 10. Bf4 dxe4 11. Nxe4 Nbd7 12. Ne5 Bxe2 13. Qxe2 Nxe4
14. dxe4 Nxe5 15. Bxe5 Qa5 16. Bc3 Bb4 17. Bxb4 Qxb4 18. c3 Qa5 19. Red1
Rfd8 20. Qc4 h6 21. a4 Qb6 22. b4 a5 23. Qc5 Qxc5 24. bxc5 e5 25. Rab1 Kf8
26. Kf1 Rxd1+ 27. Rxd1 Ke7 28. Rb1 Rb8 29. Ke2 Kd7 30. g3 Kc7 31. f4 exf4
32. gxf4 g5 33. Rf1 Rf8 34. fxg5 hxg5 35. Rf5 f6 36. Ke3 Kd7 37. e5 Re8 38.
Ke4 fxe5 39. Rxg5 Rh8 40. Rg3 Ke6 41. Rg6+ Kf7 42. Rg5 Kf6 43. Rf5+ Ke6 44.
Rxe5+ Kd7 45. Kd4 Rxh3 46. Re4 1/2-1/2

[Event "IX EICC"]
[Site "Plovdiv BUL"]
[Date "2008.04.23"]
[Round "3"]
[White "Dimitrov,R"]
[Black "Nanu,C"]
[Result "1/2-1/2"]
[WhiteElo "2409"]
[BlackElo "2515"]
[EventDate "2008.04.21"]

1. c4 Nf6 2. Nc3 c6 3. e4 d5 4. e5 d4 5. exf6 dxc3 6. bxc3 exf6 7. d4 Bd6
8. Bd3 O-O 9. Ne2 c5 10. O-O Qc7 11. Ng3 Rd8 12. Qh5 f5 13. Nxf5 Bxf5 14.
Qxf5 Bxh2+ 15. Kh1 g6 16. Qf3 Bd6 17. Bg5 Re8 18. Be4 Nc6 19. Rab1 Rac8 20.
Bxc6 bxc6 21. Bf6 Be7 22. Rfe1 Bxf6 23. Qxf6 cxd4 24. cxd4 Qd7 25. Rbd1 Re6
26. Qf4 Rd8 27. Rxe6 Qxe6 28. d5 cxd5 29. Qd4 Qb6 30. cxd5 Qxd4 31. Rxd4
Kf8 32. Ra4 Rd7 33. Ra6 1/2-1/2

[Event "IX EICC"]
[Site "Plovdiv BUL"]
[Date "2008.04.23"]
[Round "3"]
[White "Saric,A"]
[Black "Bakalarz,M"]
[Result "1/2-1/2"]
[WhiteElo "2505"]
[BlackElo "2361"]
[EventDate "2008.04.21"]

1. c4 e5 2. Nc3 Nf6 3. Nf3 Nc6 4. d3 g6 5. g3 Bg7 6. Bg2 O-O 7. O-O d6 8.
Rb1 a5 9. a3 h6 10. b4 axb4 11. axb4 Be6 12. Nd2 d5 13. b5 Ne7 14. cxd5
Nfxd5 15. Bb2 Nxc3 16. Bxc3 Bd5 17. Nc4 Bxg2 18. Kxg2 Nd5 19. Bb2 Re8 20.
Ra1 Qd7 21. Rxa8 Rxa8 22. Qb3 Re8 23. Na5 b6 24. Nc6 h5 25. Qc4 Nf4+ 26.
gxf4 Qg4+ 27. Kh1 Qxe2 28. Rb1 Qf3+ 1/2-1/2

[Event "IX EICC"]
[Site "Plovdiv BUL"]
[Date "2008.04.23"]
[Round "3"]
[White "Macak,S"]
[Black "Hoffmann,Mi1"]
[Result "1-0"]
[WhiteElo "2342"]
[BlackElo "2471"]
[EventDate "2008.04.21"]

1. e4 c5 2. Nf3 d6 3. d4 cxd4 4. Nxd4 Nf6 5. Nc3 a6 6. Be3 Ng4 7. Bg5 h6 8.
Bh4 g5 9. Bg3 Bg7 10. Be2 h5 11. Bxg4 hxg4 12. Qd2 Nc6 13. Nb3 Bxc3 14.
Qxc3 f6 15. O-O-O Kf7 16. Rd2 Be6 17. Nc5 Qa5 18. Nxe6 Qxc3 19. Nxg5+ Kg6
20. bxc3 Kxg5 21. f4+ gxf3 22. gxf3 Kg6 23. Rd5 Ne5 24. f4 Nc4 25. e5 fxe5
26. fxe5 dxe5 27. Rd7 b5 28. Rxe7 Rhe8 29. Rc7 Rac8 30. Rg1 Kf5 31. Rf7+
Ke6 32. Rgf1 Ne3 33. R1f6+ Kd5 34. Rd7+ Ke4 35. Rd3 Red8 36. Kd2 b4 37. Ke2
Nxc2 38. Re6 Rd5 39. Rxd5 Kxd5 40. Rxe5+ Kc4 41. Kd2 b3 42. Re4+ Kc5 43.
Ra4 Na1 44. Kc1 1-0

[Event "IX EICC"]
[Site "Plovdiv BUL"]
[Date "2008.04.23"]
[Round "3"]
[White "Magalashvili,Da"]
[Black "Orlov,O2"]
[Result "1/2-1/2"]
[WhiteElo "2462"]
[BlackElo "2285"]
[EventDate "2008.04.21"]

1. Nf3 c5 2. c4 Nf6 3. g3 Nc6 4. Bg2 d5 5. cxd5 Nxd5 6. Nc3 Nc7 7. O-O e5
8. d3 Be7 9. Be3 O-O 10. Nd2 Nd4 11. Nc4 f6 12. a3 Rb8 13. Rb1 Be6 14. b4
cxb4 15. axb4 Ncb5 16. Bxd4 Nxd4 17. e3 Nc6 18. b5 Nb4 19. Nb2 Rc8 20. Rc1
Qd7 21. d4 Rfd8 22. d5 Bf7 23. e4 a6 24. bxa6 Nxa6 25. Qe2 Bc5 26. Nba4 Be8
27. Rb1 Qc7 28. Bh3 Ra8 29. Rfc1 Qa5 30. Nxc5 Nxc5 31. Qc4 b6 32. Rb2 Qa6
33. Qxa6 Rxa6 34. Bf1 Na4 35. Ra2 Ra5 36. Nxa4 Rxa4 37. Rxa4 Bxa4 38. Rc7
Rd7 39. Rc8+ Kf7 40. Rb8 Rd6 41. Bh3 Bc2 42. f3 Ba4 43. Bf5 g6 44. Rb7+ Ke8
45. Be6 Bd7 46. Bxd7+ Rxd7 47. Rxb6 Kf7 48. h4 h5 49. Kg2 Ra7 50. Rb3 Ra2+
51. Kh3 Re2 52. Rb7+ Kf8 53. g4 hxg4+ 54. Kxg4 Re1 55. Kg3 Re2 56. Rb3 Ke7
57. Rb7+ Kf8 58. Rb4 Re3 59. Ra4 Rb3 60. Ra1 Kf7 61. Kg4 Rb2 62. Ra7+ Kf8
63. h5 Rg2+ 64. Kh3 Rg5 65. hxg6 Rxg6 66. Ra2 Ke7 67. Rg2 Rh6+ 68. Kg3 Rh8
69. Rh2 Rg8+ 70. Kf2 Rg6 71. Rh7+ Ke8 72. f4 exf4 73. Kf3 Rg1 74. Kxf4 Rf1+
75. Ke3 Rd1 76. Ra7 Kf8 77. Kf4 Rf1+ 78. Kg3 Ke8 79. Kg4 Kf8 80. Rb7 Ke8
81. Rh7 Kd8 82. Rb7 Ke8 83. Ra7 Kd8 84. Kg3 Rd1 85. Ra3 Ke7 86. Rf3 Re1 87.
Kf4 Rg1 88. Ke3 Re1+ 89. Kd4 Rd1+ 90. Rd3 Re1 91. Rc3 Kd7 92. Rc6 Rd1+ 93.
Ke3 Rf1 94. Ke2 Rf4 95. Kd3 Rf1 96. Re6 Rf2 97. Ke3 Rf1 98. Ra6 Ke7 99.
Ra7+ Kd6 100. Rf7 Ke5 101. Kd3 Rd1+ 102. Ke2 Rd4 103. Kf3 Rd3+ 104. Ke2 Rd4
105. Re7+ Kf4 106. Re6 f5 1/2-1/2

[Event "IX EICC"]
[Site "Plovdiv BUL"]
[Date "2008.04.23"]
[Round "3"]
[White "Vegh,E"]
[Black "Berczes,D"]
[Result "0-1"]
[WhiteElo "2278"]
[BlackElo "2453"]
[EventDate "2008.04.21"]

1. d4 d5 2. c4 e6 3. Nc3 c6 4. Nf3 Nf6 5. Bg5 dxc4 6. e4 b5 7. a4 Qb6 8.
Bxf6 gxf6 9. Be2 a6 10. O-O Bb7 11. d5 cxd5 12. exd5 Nd7 13. axb5 axb5 14.
Rxa8+ Bxa8 15. dxe6 fxe6 16. Nd4 Bc5 17. Bh5+ Kd8 18. Ndxb5 Rg8 19. Bf3 Bc6
20. Na3 Bxa3 21. bxa3 Ke7 22. a4 Ne5 23. Bxc6 Qxc6 24. f3 Qb6+ 25. Kh1 Qb2
26. Ne2 Rd8 0-1

[Event "IX EICC"]
[Site "Plovdiv BUL"]
[Date "2008.04.23"]
[Round "3"]
[White "Sigalas,F"]
[Black "Ter Sahakyan,S"]
[Result "0-1"]
[WhiteElo "2250"]
[BlackElo "2449"]
[EventDate "2008.04.21"]

1. e4 c5 2. Nf3 d6 3. d4 cxd4 4. Nxd4 Nf6 5. Nc3 a6 6. Bc4 e6 7. Bb3 Nbd7
8. Bg5 Nc5 9. f4 Be7 10. Qe2 h6 11. Bxf6 Bxf6 12. O-O-O Qc7 13. Kb1 Bd7 14.
Rhe1 O-O 15. g4 b5 16. e5 dxe5 17. fxe5 Be7 18. h4 Bxh4 19. Rh1 Bg3 20. Nf3
Bc6 21. Rh3 Bxf3 22. Qxf3 Bxe5 23. g5 Rac8 24. gxh6 g6 25. h7+ Kh8 26. Qe2
Bg7 27. Rf1 Qd6 28. Rd1 Qc6 29. Qh2 b4 30. Rd6 Qc7 31. Na4 Rcd8 32. Rxd8
Rxd8 0-1

[Event "IX EICC"]
[Site "Plovdiv BUL"]
[Date "2008.04.23"]
[Round "3"]
[White "Goumas,G"]
[Black "Bratanov,Z"]
[Result "0-1"]
[WhiteElo "2234"]
[BlackElo "2440"]
[EventDate "2008.04.21"]

1. e4 c5 2. b3 b6 3. Bb2 Bb7 4. Nc3 e6 5. Nf3 d6 6. Bb5+ Nd7 7. O-O a6 8.
Bxd7+ Qxd7 9. d4 Nf6 10. Re1 Be7 11. Na4 Qc7 12. c4 Nxe4 13. d5 exd5 14.
cxd5 f5 15. Bxg7 Rg8 16. Nd4 Bh4 17. Nxf5 Bxf2+ 18. Kh1 Bxe1 19. Qxe1 O-O-O
20. Qxe4 Rde8 21. Qf4 Kb8 22. Rd1 Bxd5 23. h3 Bb7 24. Qxd6 Rxg7 25. Qxc7+
Rxc7 26. Nxb6 Re2 27. Nh4 Ka7 28. Nc4 Rxa2 29. Rc1 Bd5 30. Ne3 Bxb3 31.
Nhf5 a5 32. Nd6 Ka6 33. Ne4 Re2 0-1

[Event "IX EICC"]
[Site "Plovdiv BUL"]
[Date "2008.04.23"]
[Round "3"]
[White "Popovic,Milo2"]
[Black "Medancic,R"]
[Result "1-0"]
[WhiteElo "2387"]
[BlackElo "2247"]
[EventDate "2008.04.21"]

1. d4 d5 2. Bf4 Nf6 3. e3 g6 4. c4 c6 5. Nc3 Bg7 6. h3 O-O 7. Nf3 Re8 8.
Qb3 Qa5 9. Be2 Nbd7 10. O-O e6 11. Rac1 dxc4 12. Bxc4 Nd5 13. Bg3 Nxc3 14.
bxc3 b6 15. e4 Ba6 16. Bxa6 Qxa6 17. Rfd1 Rac8 18. c4 Nf6 19. Re1 Qa5 20.
c5 Nd7 21. Bd6 Bf8 22. e5 bxc5 23. dxc5 Bxd6 24. cxd6 Rb8 25. Qe3 Rec8 26.
Qh6 Rb2 27. a4 Nf8 28. Qf4 Rb4 29. Re4 Rxe4 30. Qxe4 Qb6 31. Rb1 Qa6 32.
Qf4 Nd7 33. Ng5 Rf8 34. Ne4 Qa5 35. Nf6+ Nxf6 36. exf6 Qh5 37. d7 e5 38.
Qb4 Rd8 39. Qe7 1-0

[Event "IX EICC"]
[Site "Plovdiv BUL"]
[Date "2008.04.23"]
[Round "3"]
[White "Nestorovic,N"]
[Black "Dorfanis,I"]
[Result "1-0"]
[WhiteElo "2381"]
[BlackElo "2207"]
[EventDate "2008.04.21"]

1. e4 e5 2. Nf3 Nc6 3. Bc4 Bc5 4. d3 Nf6 5. O-O d6 6. c3 Bg4 7. Nbd2 O-O 8.
Bb3 d5 9. h3 Bh5 10. Re1 dxe4 11. dxe4 Qd7 12. Qe2 a6 13. Nc4 Qe8 14. Bc2
Bg6 15. b4 Ba7 16. a4 Nh5 17. Kh2 f6 18. g3 Bf7 19. Ne3 Ne7 20. Nh4 Kh8 21.
Qf3 Qc6 22. Bb2 Rad8 23. Red1 Rxd1 24. Rxd1 b5 25. axb5 axb5 26. Bd3 Bxe3
27. Qxe3 Nc8 28. Nf5 Nd6 29. Nxd6 cxd6 30. Qe2 Rb8 31. Ra1 g6 32. Ra7 Kg8
33. Ra5 Bc4 34. Bxc4+ bxc4 35. Qe3 Ng7 36. Qa7 Rc8 37. Qe7 Ne8 38. Ra7 Nc7
39. Bc1 Qb6 40. Be3 Qb8 41. Bh6 1-0

[Event "IX EICC"]
[Site "Plovdiv BUL"]
[Date "2008.04.23"]
[Round "3"]
[White "Moor,R"]
[Black "Vlashki,N"]
[Result "1-0"]
[WhiteElo "2378"]
[BlackElo "2206"]
[EventDate "2008.04.21"]

1. Nf3 Nf6 2. c4 g6 3. b4 d5 4. cxd5 Nxd5 5. Bb2 f6 6. a3 c6 7. e4 Nc7 8.
d4 a5 9. Bc4 axb4 10. axb4 Rxa1 11. Bxa1 e6 12. Qb3 b5 13. Be2 Qe7 14. Bc3
Nba6 15. O-O Nxb4 16. Nbd2 Nba6 17. Rc1 Bd7 18. Nf1 Qa3 19. Qc2 Nb4 20. Qb1
Be7 21. Bd1 O-O 22. Bb3 Kg7 23. Ne3 Ra8 24. Nc2 Nxc2 25. Rxc2 Qa7 26. g4 h6
27. h4 Qb8 28. Qc1 Ra3 29. Rb2 Qa7 30. Rb1 c5 31. dxc5 Qxc5 32. g5 hxg5 33.
hxg5 e5 34. gxf6+ Bxf6 35. Qd2 Qc6 36. Nxe5 Bxe5 37. Bxe5+ Kh7 38. Rc1 Qxe4
39. Qxd7+ Kh6 40. Qh3+ Kg5 41. f4+ 1-0

[Event "IX EICC"]
[Site "Plovdiv BUL"]
[Date "2008.04.23"]
[Round "3"]
[White "Pesotsky,V"]
[Black "Gengler,P"]
[Result "1-0"]
[WhiteElo "2371"]
[BlackElo "2200"]
[EventDate "2008.04.21"]

1. e4 c5 2. Nf3 Nc6 3. d4 cxd4 4. Nxd4 Nf6 5. Nc3 e5 6. Ndb5 d6 7. Bg5 a6
8. Na3 b5 9. Bxf6 gxf6 10. Nd5 f5 11. Bd3 Be6 12. O-O Bxd5 13. exd5 Ne7 14.
Nxb5 Bg7 15. Nc3 e4 16. Bc4 O-O 17. Qh5 Kh8 18. Rae1 Qc8 19. Bb3 Rg8 20.
Qxf7 Ra7 21. Re3 Bd4 22. Rh3 Rg7 23. Qe6 Qd8 24. Ne2 Rg6 25. Qf7 Bg7 26.
Nf4 Rf6 27. Ne6 Rxf7 28. Nxd8 Rf6 29. Ne6 Ng6 30. Rc3 h6 31. Rc6 Ne5 32.
Rxd6 Rg6 33. Rd1 Kh7 34. Kf1 Ng4 35. h3 Nh2+ 36. Kg1 Nf3+ 37. Kf1 Nh2+ 38.
Kg1 Nf3+ 39. Kh1 Nh4 40. g3 Nf3 41. Kg2 f4 42. g4 h5 43. Rh1 Rf7 44. Rxa6
Nd2 45. g5 f3+ 46. Kg3 e3 47. c4 Be5+ 48. Kh4 exf2 49. Bc2 f1=Q 50. Kxh5
Kh8 51. Rxf1 Nxf1 52. Kxg6 Rb7 53. d6 Rb8 54. d7 Rg8+ 55. Kf7 Bc7 56. Nxc7
Rg7+ 57. Kf6 1-0

[Event "IX EICC"]
[Site "Plovdiv BUL"]
[Date "2008.04.23"]
[Round "3"]
[White "Nitelea,B"]
[Black "Badev,K"]
[Result "0-1"]
[WhiteElo "2090"]
[BlackElo "2311"]
[EventDate "2008.04.21"]

1. e4 e6 2. d4 d5 3. exd5 exd5 4. Nf3 Bd6 5. c4 Nf6 6. Nc3 O-O 7. cxd5 Bb4
8. Bg5 Qe8+ 9. Be2 Nxd5 10. Rc1 Bf5 11. Bd2 Bxc3 12. bxc3 Bd3 13. Ne5 Bxe2
14. Qxe2 f6 15. Nd3 Nc6 16. Nc5 Qxe2+ 17. Kxe2 Rfe8+ 18. Kd3 b6 19. Na6
Rad8 20. Rhe1 Ne5+ 21. Kc2 Nc4 22. a4 Kf7 23. Rxe8 Rxe8 24. Nb4 Nxb4+ 25.
cxb4 Re2 26. Kd3 Rxd2+ 27. Kxc4 Ke6 28. Rf1 a6 29. h4 h5 30. g3 Kd6 31. Kc3
Ra2 32. Kb3 Re2 33. b5 a5 34. Kc3 Kd5 35. Kb3 Rd2 36. Rc1 Kd6 37. Rc6+ Kd7
38. Kc3 Rxf2 39. d5 Rf3+ 40. Kd4 Rf1 41. Ke4 Ra1 42. d6 cxd6 43. Rxb6 Ke6
44. Rb7 Rxa4+ 45. Kf3 g6 46. b6 Rb4 47. Rb8 a4 48. b7 Kf5 49. Ra8 Rxb7 50.
Ra5+ Ke6 51. Rxa4 d5 52. Kf4 Rb6 53. Ra8 Rb4+ 54. Kf3 Kf5 55. Rd8 Rb3+ 56.
Kf2 Rd3 57. Ke2 Rxg3 58. Rxd5+ Kg4 59. Rd4+ Kh3 60. Kf2 Rg4 61. Rd6 f5 62.
Kf3 Kxh4 63. Rd1 Kg5 64. Rd8 Ra4 65. Rd3 h4 66. Kg2 Kg4 67. Rd2 f4 68. Kh2
f3 69. Rf2 Re4 70. Rf1 Re2+ 71. Kh1 f2 72. Kg2 h3+ 73. Kh2 Kf3 74. Kxh3 Re5
0-1

[Event "IX EICC"]
[Site "Plovdiv BUL"]
[Date "2008.04.23"]
[Round "3"]
[White "Nikolaidis,K"]
[Black "Ivanov,L"]
[Result "1-0"]
[WhiteElo "2299"]
[BlackElo "2020"]
[EventDate "2008.04.21"]

1. d4 Nf6 2. c4 e6 3. Nc3 Bb4 4. e3 b6 5. Nge2 Bb7 6. a3 Be7 7. d5 e5 8. g3
c5 9. Bg2 O-O 10. O-O d6 11. f4 Nbd7 12. e4 Ne8 13. Be3 g6 14. Qd2 Ng7 15.
f5 g5 16. Rf2 f6 17. h4 h6 18. Bf3 Kf7 19. Rh2 Rh8 20. Kg2 h5 21. hxg5 fxg5
22. Rah1 h4 23. gxh4 Rxh4 24. Bf2 Rxh2+ 25. Rxh2 Qg8 26. Kf1 Ba6 27. b3 Rf8
28. Be3 Ke8 29. Ke1 Nf6 30. Bxg5 Bc8 31. Nb5 a6 32. Nc7+ Kd8 33. Ne6+ Bxe6
34. dxe6 Nxf5 35. exf5 e4 36. Bxf6 Rxf6 37. Bxe4 Qg7 38. Qd5 Rf8 39. Qa8+
1-0

[Event "IX EICC"]
[Site "Plovdiv BUL"]
[Date "2008.04.23"]
[Round "3"]
[White "Tzouganakis,P"]
[Black "Pavlidis,Ana"]
[Result "1/2-1/2"]
[WhiteElo "1900"]
[BlackElo "2280"]
[EventDate "2008.04.21"]

1. e4 c5 2. Nf3 d6 3. d4 cxd4 4. Nxd4 Nf6 5. Nc3 a6 6. Be3 e5 7. Nb3 Be7 8.
Be2 Be6 9. O-O O-O 10. Qd2 Nbd7 11. a4 Rc8 12. f3 Nb6 13. Rfd1 d5 14. exd5
Nbxd5 15. Nxd5 Nxd5 16. Bd3 Qc7 17. Kh1 Nb4 18. Rac1 Rfd8 19. Qe2 f5 20.
Na1 Qc6 21. Bd2 Nxd3 22. cxd3 Qd5 23. Rxc8 Bxc8 24. Bc3 e4 25. fxe4 fxe4
26. Re1 Qxd3 27. Qxe4 Qxe4 28. Rxe4 Bf6 29. Re1 Bxc3 30. bxc3 Rd3 31. Rc1
Bd7 32. Nb3 Bc6 33. Kg1 Rd5 34. Ra1 Rd3 35. Rc1 Bd5 36. c4 Bxg2 37. Nc5 Rd2
38. Rb1 Bh3 39. Rxb7 Rg2+ 40. Kh1 Rg5 41. Rb8+ Kf7 42. Rb7+ Ke8 43. Rb8+
Ke7 44. Rb7+ Kd8 45. Rb8+ Ke7 46. Rb7+ Ke8 47. Rb8+ Kf7 48. Rb7+ Kg6 49.
Rb6+ Kf5 50. Nxa6 Kf4 51. c5 Bf5 52. h4 Be4+ 53. Kh2 Rg2+ 54. Kh3 Rg3+ 55.
Kh2 Kg4 56. Rb4 Rg2+ 57. Kh1 Re2+ 58. Kg1 Kg3 59. Rb3+ Bf3 60. Kf1 Ra2 61.
Ke1 Re2+ 62. Kf1 Ra2 63. Ke1 Rxa4 64. Nb4 Ra1+ 65. Kd2 Rd1+ 66. Ke3 Re1+
67. Kd2 Re2+ 68. Kd3 Kf4 69. Nc2 Re5 70. Rc3 Rd5+ 71. Kc4 Rd8 72. Nd4 Bd5+
73. Kb5 Rb8+ 74. Ka6 Ke5 75. Nb5 Bc6 76. Nd6 Ke6 77. Nc4 Rb1 78. Na5 Kd7
79. Re3 Bg2 80. c6+ Bxc6 81. Rd3+ Kc7 82. Rc3 Rb6+ 83. Ka7 g6 84. Rc2 h6
85. Rc5 g5 86. hxg5 hxg5 1/2-1/2

[Event "IX EICC"]
[Site "Plovdiv BUL"]
[Date "2008.04.23"]
[Round "3"]
[White "Kempinski,R"]
[Black "Brkic,A"]
[Result "1/2-1/2"]
[WhiteElo "2595"]
[BlackElo "2521"]
[EventDate "2008.04.21"]

1. d4 Nf6 2. c4 e6 3. Nf3 d5 4. cxd5 exd5 5. Nc3 c6 6. Bg5 Be7 7. e3 h6 8.
Bf4 Bf5 9. Bd3 Bxd3 10. Qxd3 Nbd7 11. O-O O-O 12. h3 Nb6 13. Qb1 a5 14. Qc1
Qe8 15. Qc2 1/2-1/2

[Event "IX EICC"]
[Site "Plovdiv BUL"]
[Date "2008.04.23"]
[Round "3"]
[White "Jovanovic,Zo CRO"]
[Black "Todorovic,J"]
[Result "1-0"]
[WhiteElo "2546"]
[BlackElo "2406"]
[EventDate "2008.04.21"]

1. e4 c5 2. Nc3 Nc6 3. f4 e6 4. Nf3 a6 5. d4 cxd4 6. Nxd4 d6 7. Be3 Nf6 8.
Qf3 Be7 9. O-O-O Qc7 10. g4 Nxd4 11. Bxd4 e5 12. fxe5 dxe5 13. Qg3 Bd6 14.
Be3 Bxg4 15. h3 Bxd1 16. Qxg7 Rg8 17. Qxf6 Bh5 18. Nd5 Qc6 19. Bd3 Bg6 20.
Qh4 Kd7 21. Rd1 Kc8 22. Bc4 Kb8 23. Nb6 Bc7 24. Bd5 Bxb6 25. Bxc6 Bxe3+ 26.
Kb1 bxc6 27. Rd3 Bc5 28. Qf6 Bxe4 29. Qxe5+ Kc8 30. Rd1 f5 31. Qxc5 Kc7 32.
Qe7+ Kb6 33. Qb4+ Kc7 34. Qa5+ Kc8 35. Qe5 Rb8 36. b3 Rg2 37. Qe8+ Kb7 38.
Rd7+ Ka8 39. Qe7 Re2 40. Ra7+ 1-0

[Event "IX EICC"]
[Site "Plovdiv BUL"]
[Date "2008.04.23"]
[Round "3"]
[White "Reutsky,S"]
[Black "Naumann,A"]
[Result "1/2-1/2"]
[WhiteElo "2302"]
[BlackElo "2523"]
[EventDate "2008.04.21"]

1. e4 e5 2. Nf3 Nc6 3. Bb5 a6 4. Ba4 Nf6 5. d3 b5 6. Bb3 Bc5 7. O-O d6 8.
c3 Bb6 9. Be3 Rb8 10. Nbd2 O-O 11. Re1 Ne7 12. Nf1 Ng6 13. Ng3 Bxe3 14.
fxe3 c5 15. Qd2 Qb6 16. Bc2 Bb7 17. Rad1 d5 18. exd5 Bxd5 19. Bb1 Rbd8 20.
e4 Be6 21. h3 b4 22. Qf2 bxc3 23. bxc3 Qa5 24. d4 cxd4 25. cxd4 exd4 26.
Nxd4 Qc5 27. Nxe6 Qxf2+ 28. Kxf2 fxe6 29. Rxd8 Rxd8 30. Ke3 Ne5 31. Rc1 Rb8
32. Bd3 Rb2 1/2-1/2

[Event "IX EICC"]
[Site "Plovdiv BUL"]
[Date "2008.04.23"]
[Round "3"]
[White "Mladenov,P"]
[Black "Szabo,Krisz1"]
[Result "1-0"]
[WhiteElo "2371"]
[BlackElo "2507"]
[EventDate "2008.04.21"]

1. d4 Nf6 2. Nf3 d5 3. e3 e6 4. b3 b6 5. Bb2 Bb7 6. Nbd2 Bd6 7. Bd3 O-O 8.
O-O c5 9. Qe2 Ne4 10. Rac1 Nd7 11. Ne5 f5 12. c4 Qe7 13. cxd5 exd5 14. f4
Ndf6 15. Nxe4 Nxe4 16. dxc5 bxc5 17. Ba6 Rad8 18. Rfd1 Ba8 19. Bb5 Rc8 20.
Qh5 Rc7 21. Rc2 Qe6 22. Bd3 Be7 23. g4 g6 24. Qh3 Bf6 25. gxf5 gxf5 26.
Bxe4 dxe4 27. Rg2+ Rg7 28. Rxg7+ Bxg7 29. Rd7 Kh8 30. Kf2 Bd5 31. Ng6+ Qxg6
32. Bxg7+ Qxg7 33. Rxg7 Kxg7 34. Qh4 Bf7 35. Qe7 Rc8 36. Qxa7 c4 37. bxc4
Rxc4 38. a4 Rc2+ 39. Kg3 h5 40. a5 h4+ 41. Kxh4 Rg2 42. h3 1-0

[Event "IX EICC"]
[Site "Plovdiv BUL"]
[Date "2008.04.23"]
[Round "3"]
[White "Klokas,K"]
[Black "Stamenkov,V"]
[Result "1/2-1/2"]
[WhiteElo "2160"]
[BlackElo "2350"]
[EventDate "2008.04.21"]

1. e4 d6 2. d4 Nf6 3. f3 e5 4. d5 Be7 5. c4 O-O 6. Nc3 Ne8 7. Bd3 Bg5 8.
Nge2 Bxc1 9. Rxc1 Qh4+ 10. Ng3 g6 11. O-O Qg5 12. Qe1 Nd7 13. Qf2 Nc5 14.
Bc2 a5 15. b3 Bd7 16. a3 Ng7 17. b4 axb4 18. axb4 Na6 19. Rb1 h5 20. f4
exf4 21. Qxf4 Qxf4 22. Rxf4 c5 23. dxc6 bxc6 24. b5 Nc5 25. Rd1 Ne8 26.
Nge2 cxb5 27. cxb5 Bg4 28. h3 Bxe2 29. Nxe2 Ra2 30. Nd4 Ng7 31. Rf2 Nge6
32. Nc6 Rb2 33. Rb1 Rxb1+ 34. Bxb1 Na4 35. Ne7+ Kg7 36. Nd5 Rb8 37. Bd3
Nec5 38. Bc4 Nxe4 39. Ra2 Nec3 40. Nxc3 Nxc3 41. Ra3 d5 42. Rxc3 dxc4 43.
Rxc4 Rxb5 44. h4 Kf6 45. Kh2 Kf5 46. g3 Rb2+ 47. Kh3 Re2 48. Rf4+ Ke6 49.
Ra4 f6 50. Ra5 Re5 51. Ra2 Rd5 52. Re2+ Re5 53. Ra2 Re3 54. Ra5 f5 55. Ra6+
Kf7 56. Kg2 Re6 57. Ra5 Kf6 58. Kf3 Rb6 59. Ra3 g5 60. hxg5+ Kxg5 61. Rc3
Rb4 62. Ra3 h4 63. gxh4+ Rxh4 64. Kf2 Kg4 65. Rg3+ Kf4 66. Rf3+ Ke5 67. Rc3
Kd4 68. Ra3 f4 69. Ra8 1/2-1/2

[Event "IX EICC"]
[Site "Plovdiv BUL"]
[Date "2008.04.23"]
[Round "3"]
[White "Beckhuis,G"]
[Black "Kostopoulos,E"]
[Result "1-0"]
[WhiteElo "2350"]
[BlackElo "2152"]
[EventDate "2008.04.21"]

1. Nf3 d5 2. d4 Nf6 3. c4 e6 4. Nc3 Be7 5. Bg5 h6 6. Bh4 O-O 7. e3 b6 8.
Qb3 Bb7 9. Bxf6 Bxf6 10. cxd5 exd5 11. Rd1 c6 12. Bd3 Nd7 13. O-O Be7 14.
Bb1 Re8 15. a3 Bd6 16. e4 dxe4 17. Nxe4 Bf4 18. g3 Bc7 19. Ne5 Qe7 20. f4
c5 21. Qc2 Nf8 22. Ba2 Ne6 23. Nxf7 Qxf7 24. f5 Qh5 25. fxe6 Bd5 26. Bxd5
Qxd5 27. Nf6+ gxf6 28. Qg6+ Kh8 29. Qxh6+ Kg8 30. Qg6+ Kh8 31. Rxf6 Re7 32.
Qh6+ Rh7 33. Rf8+ Rxf8 34. Qxf8+ 1-0

[Event "IX EICC"]
[Site "Plovdiv BUL"]
[Date "2008.04.23"]
[Round "3"]
[White "Kanakaris,G"]
[Black "Kakkanas,E"]
[Result "1-0"]
[WhiteElo "2300"]
[BlackElo "2058"]
[EventDate "2008.04.21"]

1. d4 d5 2. c4 e6 3. Nc3 Nf6 4. Bg5 Be7 5. Nf3 O-O 6. e3 Nbd7 7. Rc1 c6 8.
Qc2 h6 9. Bh4 Re8 10. Bd3 dxc4 11. Bxc4 Nd5 12. Bxe7 Qxe7 13. e4 Nxc3 14.
bxc3 e5 15. O-O b5 16. Bb3 Bb7 17. Rfe1 c5 18. Qe2 c4 19. Bc2 Qa3 20. Bb1
Re7 21. dxe5 Nxe5 22. Nd4 a6 23. Nf5 Rd7 24. f4 Ng6 25. Qf2 Rad8 26. Nd4 b4
27. f5 Ne5 28. Qg3 bxc3 29. f6 Ng6 30. Nf5 gxf6 31. Nxh6+ Kf8 32. Qf3 Qc5+
33. Kh1 Qg5 34. Nf5 Ne5 35. Qxc3 Ng6 36. Qxc4 Kg8 37. Qb3 Rd2 38. Qg3 Qxg3
39. Nxg3 Nf4 40. Rf1 Nxg2 41. Rg1 Nf4 42. Nf1+ Kf8 43. Nxd2 Rxd2 44. Rcf1
Nd3 45. Bxd3 Rxd3 46. Rg4 Re3 47. Rxf6 Bxe4+ 48. Kg1 Bd3 49. Rgf4 Re7 50.
Rd6 Bb5 51. a4 Re1+ 52. Kg2 Be2 53. Rdf6 Ra1 54. Rxf7+ Kg8 55. R7f5 Kg7 56.
Rg5+ Kh6 57. Rg8 Bh5 58. Rh4 Ra2+ 59. Kf1 Ra1+ 60. Kf2 Ra2+ 61. Ke1 Re2+
62. Kf1 Re5 63. Rh8+ Kg6 64. R4xh5 Rxh5 65. Rxh5 Kxh5 66. Ke2 Kh4 67. Kd3
Kh3 68. Kc4 Kxh2 69. Kc5 1-0

[Event "IX EICC"]
[Site "Plovdiv BUL"]
[Date "2008.04.23"]
[Round "3"]
[White "Popov,Val"]
[Black "Pelletier,Y"]
[Result "1/2-1/2"]
[WhiteElo "2525"]
[BlackElo "2607"]
[EventDate "2008.04.21"]

1. d4 Nf6 2. Nf3 e6 3. g3 b6 4. Bg2 Bb7 5. O-O c5 6. c4 cxd4 7. Qxd4 Be7 8.
Nc3 d6 9. Bg5 a6 10. Bxf6 Bxf6 11. Qf4 O-O 12. Rad1 Be7 13. Ne4 Bxe4 14.
Qxe4 Ra7 1/2-1/2

[Event "IX EICC"]
[Site "Plovdiv BUL"]
[Date "2008.04.23"]
[Round "3"]
[White "Papin,V"]
[Black "Fridman,D2"]
[Result "1/2-1/2"]
[WhiteElo "2483"]
[BlackElo "2640"]
[EventDate "2008.04.21"]

1. d4 d5 2. c4 e6 3. Nf3 Nf6 4. Nc3 Be7 5. Bg5 h6 6. Bh4 O-O 7. e3 Ne4 8.
Bxe7 Qxe7 9. Rc1 c6 10. Bd3 Nxc3 11. Rxc3 Nd7 12. Qc2 dxc4 13. Bxc4 b6 14.
Bd3 1/2-1/2

[Event "IX EICC"]
[Site "Plovdiv BUL"]
[Date "2008.04.23"]
[Round "3"]
[White "Sanikidze,T"]
[Black "Gajewski,G"]
[Result "1-0"]
[WhiteElo "2458"]
[BlackElo "2601"]
[EventDate "2008.04.21"]

1. d4 Nf6 2. c4 e6 3. Nf3 c5 4. d5 b5 5. Bg5 exd5 6. cxd5 h6 7. Bxf6 Qxf6
8. Qc2 d6 9. e4 a6 10. a4 b4 11. Nbd2 Nd7 12. Nc4 g6 13. Bd3 Bg7 14. O-O
O-O 15. Rae1 Re8 16. Nfd2 g5 17. Kh1 Ne5 18. Nxe5 Qxe5 19. Nc4 Qf4 20. Re3
a5 21. Rf3 Qh4 22. Rxf7 Kxf7 23. Nxd6+ Kg8 24. Nxe8 Be5 25. g3 Qh5 26. f4
Bd4 27. Qxc5 Bxc5 28. Nf6+ Kh8 29. Nxh5 Bh3 30. Rc1 Be3 31. Rc6 1-0